The effects of technological and structural changes on the employment and working conditions of non-manual workers

Uloženo v:
Podrobná bibliografie
Korporativní autor: Advisory Committee on Salaried Employees and Professional Workers
Médium: Kniha
Jazyk:Undetermined
Vydáno: Geneva International Labour Office 1981
Témata:
Tagy: Přidat tag
Žádné tagy, Buďte první, kdo otaguje tento záznam!
Thư viện lưu trữ: Trung tâm Học liệu Trường Đại học Cần Thơ
LEADER 00646nam a2200169Ia 4500
001 CTU_78338
008 210402s9999 xx 000 0 und d
082 |a 338.4 
082 |b A244 
110 |a Advisory Committee on Salaried Employees and Professional Workers 
245 4 |a The effects of technological and structural changes on the employment and working conditions of non-manual workers 
245 0 |c Advisory Committee on Salaried Employees and Professional Workers 
260 |a Geneva 
260 |b International Labour Office 
260 |c 1981 
650 |a Technology transfer 
980 |a Trung tâm Học liệu Trường Đại học Cần Thơ